1668 1799 1404 1810 1659 1151 1849 1195 1109 1753 1405 1278 1965 1486 1318 1277 1845 1138 1777 1757 1479 1293 1450 1416 1625 1395 1611 1466 1999 1076 1403 1303 1430 1496 1388 1641 1162 1195 1422 1170 1780 1076 1238 1967 1494 1553 1396 1144 1298 1031 1894 1554 1606 1668 1359 1074 1404 1530 1693 1879 1538 1083 1288 1760 1869 1273 1464 1819 1575 1098 1324 1073 1323 1370 1099 1202 1680 1572 1513 1555 1124 1144 1654 1659 1450 1164 1930 1502 1842 1269 1120 1579 1758 1769 1483 1653 1150 1195 1761 BCNSPRNW ULIB Ver.6.0+V

เปลี่ยนเป็นภาษาไทย

Change to English
 แสดงรายละเอียดบรรณานุกรม
  กลับหน้าหลัก

Brief Record : Get Marc (ISO 2709) : E-mail record : QR code < ปิดหน้าต่าง
LEADER : 00000nam 2200000uu 4500
001    13399114472
003     ULIB
008    120404s2552||||th 000 0 tha d
020    ^a9786160600793
090    ^aนว.^bจ757F 2552
100 0  ^aเจ้าหญิงผู้เลอโฉม
245 00 ^aFake หลอกรักลวงหัวใจยัยตัวร้าย/^cเจ้าหญิงผู้เลอโฉม
250    ^aพิมพ์ครั้งที่ 1
260    ^aกรุงเทพฯ :^bแจ่มใส,^c2552
300    ^a261 หน้า
710 1  ^aแจ่มใส
945    ^p189^l0^i16424
995    ^aกัณชพร
999    ^aใช้งานได้ทุกระบบ
รายการนี้ยังไม่มีแท็ก
คุณยังไม่ได้ล็อกอิน คุณสามารถมีกิจกรรมร่วมกับเว็บไซต์ได้ แต่ต้องล็อกอินก่อน ::
  ล็อกอิน

รายการสื่อสารสนเทศ

ลำดับที่ ประเภท เลขเรียก/บาร์โค้ด สถานที่ สถานะ
1. นวนิยาย
นวนิยาย
นว. จ757F 2552  
  Barcode: 16424
ห้องสมุดวิทยาเขตสวรรค์ประชารักษ์
►นวนิยาย
บนชั้น
  ขอยืม

รายการใกล้เคียง
    ผู้แต่ง [เจ้าหญิงผู้เลอโฉม]

BibComment


ยังไม่เคยถูกคอมเมนท์

คอมเมนท์ทรัพยากรรายการนี้
  คอมเมนท์: Fake หลอกรักลวงห..


 Copyright 2026. Bcnsprnw @Library